Datum a čas kvízu
26
Celkem bodů
Celkový počet nahraných bodů na tomto kvízu bez doplňovacích otázek.
5.
Pořadí na kvízu
Konečné umístění týmu na tomto kvízu.
Zaznamenané odpovědi
| # | Otázka | Odpověď | Body | Výsledky |
|---|---|---|---|---|
| 1. | Drama se šťastným koncem se od... | pes | 1 | |
| 2. | Šéf slovenského parlamentu má... | Boris Kollár, hnutí Jsme rodina | 0 | |
| 3. | Slavný čtyřiačtyřicetiletý ame... | Ye / Kanye West | 1 | |
| 4. | Známý šéfkuchař Přemek Forejt... | McDonald’s | 1 | |
| 5. | Minulý týden se ve sportovních... | Tomáš Sivok, České Budějovice | 0 | |
| 6. | Začneme v Africe. Konžské král... | Zair | 1 | |
| 7. | Že Cejlon byl v roce 1972 přej... | C | 1 | |
| 8. | Thajsko je jedinou zemí jihový... | Siam, Město Andělů | 0 | |
| 9. | Zřejmě víte, že na území dnešn... | Robinson Crusoe | 0 | |
| 10. | Vzpomenete si na název tohoto... | Německá demokratická republika (Východní Německo) | 0 |